| 000 | 01180naa a22002897a 4500 | ||
|---|---|---|---|
| 001 | BR8901180 | ||
| 003 | BR-BrBNA | ||
| 005 | 20250721155349.0 | ||
| 007 | ta | ||
| 008 | 250630b bl.|||m| |||| 00| 0 por d | ||
| 040 |
_aBR-BrBNA _bpor _cBiblioteca Nacional de Agricultura |
||
| 041 | _a(Pt) | ||
| 072 |
_aE10; L01 _b/G514 |
||
| 090 | _aE10 BR8901180 | ||
| 100 | 1 | _aBrum, A.L. | |
| 245 | 1 | _aAs politicas agricolas no contexto da modernizacao conservadora e agropecuaria | |
| 500 | _aAgropecuaria: Politicas agricolas e a modernizacao conservadora. Sindicalismo rural: consciencia e conscientizacao. Industria: modernizacao do parque empresarial Ijui, RS (Brasil): 1983. p. 2-15 (BR8901180-AMS) | ||
| 773 | 0 |
_tAgropecuaria: Politicas agricolas e a modernizacao conservadora. Sindicalismo rural: consciencia e conscientizacao. Industria: modernizacao do parque empresarial _wE10 BR8901180 _gIjui, RS (Brasil), 1983. p. 2-15 |
|
| 650 | _aPOLITICA AGRICOLA | ||
| 650 | _aPECUARIA | ||
| 650 | _aPRODUCAO ANIMAL | ||
| 650 | _aPRECO | ||
| 650 | _aCONSUMO | ||
| 490 |
_aBoletim CRIAEC (Brazil) _vv. 2(21) |
||
| 942 |
_cAMS _2AGRIS |
||
| 909 |
_a202506 _bLúcia _c55 _dLúcia Elande |
||
| 999 |
_c336082 _d336082 |
||